000
00219nam a2200097Ia 4500
008
240625s9999 xx 000 0 und d
041
_a
eng
100
_a
LINUX FOR YOU
245
_a
DEBIAN GNU LINUX 4 0 II
260
_c
2007
999
_c
33737
_d
33737